[Event "AUTO-ADV-1179"]
[Site "http://www.queenalice.com/game.php?id=605027"]
[Date "2009.6.17"]
[Round "2"]
[White "andrevillares"]
[Black "gordonpdx"]
[Result "0-1"]
[WhiteElo "1976"]
[BlackElo "2064"]

1. d4 g6 2. e4 Bg7 3. Bc4 e6 4. Nc3 Nc6 5. Nge2 Nge7 6. O-O d5 7. exd5 exd5 8.
Bb5 Bd7 9. Bf4 a6 10. Ba4 b5 11. Bb3 Be6 12. Re1 O-O 13. Qd2 Na5 14. Nxd5 Nxb3
15. Nxe7+ Qxe7 16. axb3 Rfd8 17. Rad1 c5 18. Qe3 Ra7 19. dxc5 Rxd1 20. Rxd1 Bxb2
21. Bg5 f6 22. Bh6 Bf5 23. Qg3 Be5 24. Qf3 Bxc2 0-1

[Event "AUTO-ADV-1179"]
[Site "http://www.queenalice.com/game.php?id=605028"]
[Date "2009.6.17"]
[Round "2"]
[White "gordonpdx"]
[Black "aragats"]
[Result "1-0"]
[WhiteElo "2016"]
[BlackElo "1884"]

1. b3 f5 2. Bb2 Nf6 3. Bxf6 exf6 4. e3 Nc6 5. d4 d5 6. Bb5 Bd7 7. Nf3 Bb4+ 8. c3
Bd6 9. O-O O-O 10. c4 dxc4 11. Bxc4+ Kh8 12. Nc3 Bb4 13. Qd3 a6 14. Bd5 Na5 15.
a3 Bxc3 16. Qxc3 Bb5 17. Bc4 Nxc4 18. bxc4 Bc6 19. Nh4 g6 20. d5 Bd7 21. f4 g5
22. Nf3 Qe7 23. Nxg5 h6 24. Nf3 Rae8 25. Rfe1 Qe4 26. Nd2 Qe7 27. e4 fxe4 28.
Rxe4 Qg7 29. Rxe8 Rxe8 30. Nf3 Re4 31. Qc1 Bh3 32. g3 Bg4 33. Kf2 Qe7 34. Ra2
Qc5+ 35. Kg2 Rxc4 36. Qd2 Rc3 37. Nh4 Rxa3 38. Rc2 Qd6 39. h3 Bh5 40. Nf5 Bf3+
41. Kf2 Qxd5 42. Qxd5 Bxd5 43. Rxc7 b5 44. Nxh6 Rf3+ 45. Ke2 Rxg3 46. h4 Rf3 47.
Nf7+ Kg8 48. Nh6+ Kh8 49. Rc5 Bb7 50. Nf7+ Kg8 51. Nd6 Rxf4 52. Nxb7 Rxh4 53.
Rc6 Ra4 54. Rxf6 1-0

[Event "AUTO-ADV-1179"]
[Site "http://www.queenalice.com/game.php?id=605029"]
[Date "2009.6.17"]
[Round "2"]
[White "aragats"]
[Black "gordonpdx"]
[Result "0-1"]
[WhiteElo "1898"]
[BlackElo "2032"]

1. f4 c5 2. Nf3 g6 3. e3 d6 4. Bb5+ Bd7 5. Bxd7+ Nxd7 6. O-O Bg7 7. Nc3 Ngf6 8.
d3 O-O 9. Bd2 b5 10. e4 b4 11. Ne2 Qb6 12. Kh1 e5 13. Rb1 a5 14. a3 Qa6 15. fxe5
dxe5 16. Be3 Ng4 17. Qd2 Rfc8 18. h3 Nxe3 19. Qxe3 c4 20. d4 exd4 21. Nfxd4 Ne5
22. Rfc1 Qb6 23. b3 c3 24. a4 Nc6 25. Rd1 Rd8 26. Qg1 Nxd4 27. Nxd4 Bxd4 28. Qf1
Be5 29. Rd5 Rxd5 30. exd5 Rd8 31. Rd1 Bd4 32. Qc4 Be3 33. Rd3 Bd2 34. Kh2 Qf2
35. Rf3 Qa7 36. Rd3 Qb8+ 37. g3 Qa7 38. h4 Qf2+ 39. Kh3 Qf1+ 40. Kg4 f5# 0-1

[Event "AUTO-ADV-1134"]
[Site "http://www.queenalice.com/game.php?id=606190"]
[Date "2009.6.19"]
[Round "3"]
[White "VladimirSpirin"]
[Black "gordonpdx"]
[Result "1-0"]
[WhiteElo "2142"]
[BlackElo "2037"]

1. b3 e5 2. Bb2 Nc6 3. g3 d5 4. Bg2 Be6 5. e3 Nf6 6. d3 Be7 7. Ne2 O-O 8. h3 Rb8
9. Nd2 b5 10. g4 Qd7 11. Ng3 d4 12. e4 a5 13. a3 a4 14. b4 Na7 15. Nf3 Ne8 16.
Nxe5 Qd6 17. Nf3 c5 18. Nf5 Bxf5 19. gxf5 f6 20. bxc5 Qxc5 21. Bxd4 Qc7 22. O-O
Nc6 23. Be3 Ne5 24. Nd4 Qd7 25. Ne6 Rf7 26. Bf4 Bd6 27. Qd2 Nc7 28. Nxc7 Qxc7
29. Bg3 Rc8 30. Rfc1 Qb6 31. Kh1 Bc5 32. c3 Rd7 33. Qa2+ Nf7 34. d4 Be7 35. e5
fxe5 36. dxe5 Rdc7 37. Bd5 Bg5 38. Rf1 Kf8 39. h4 Bxh4 40. Bxh4 Qh6 41. Qe2
Qxh4+ 42. Kg1 Qg5+ 43. Bg2 Qxf5 44. Qxb5 Qxe5 45. Qxa4 Rxc3 46. Rfe1 R3c4 47.
Qa6 Qd6 48. Qa7 R4c7 49. Qa4 Rc4 50. Qb3 Rc3 51. Qb2 Rc2 52. Qb7 R2c7 53. Qe4 g6
54. a4 Rc4 55. Qe2 Rc2 56. Qf1 R2c5 57. a5 Rh5 58. Qe2 Re5 59. Qg4 Rcc5 60. Rxe5
Qxe5 61. Qa4 Qg5 62. a6 Rc1+ 63. Rxc1 Qxc1+ 64. Kh2 Qc7+ 65. Kg1 Qc1+ 66. Bf1
Qg5+ 67. Kh2 Qe5+ 68. Kg2 Qd5+ 69. Kg3 Qd6+ 70. Qf4 Qa3+ 71. f3 Qc5 72. Qb8+ Kg7
73. a7 Qg1+ 74. Bg2 Qe1+ 75. Kh2 Qh4+ 76. Kg1 Qe1+ 77. Bf1 Qe3+ 78. Kg2 Qd2+ 79.
Kh1 Qf2 80. a8=Q Qxf1+ 81. Kh2 Qf2+ 82. Kh3 Ng5+ 83. Kg4 Qg2+ 84. Kf4 Ne6+ 85.
Ke5 Qe2+ 86. Kd6 Kh6 87. Qc8 Ng7 88. Qh3+ 1-0

[Event "AUTO-ADV-1134"]
[Site "http://www.queenalice.com/game.php?id=606191"]
[Date "2009.6.19"]
[Round "3"]
[White "gordonpdx"]
[Black "VladimirSpirin"]
[Result "0-1"]
[WhiteElo "2061"]
[BlackElo "2141"]

1. c4 b6 2. Nc3 Bb7 3. e4 g6 4. d4 Bg7 5. e5 e6 6. Nf3 h6 7. Be2 Ne7 8. O-O d5
9. b3 O-O 10. Be3 Nd7 11. Qd2 Kh7 12. Bd3 a6 13. Ne2 Rh8 14. a3 Kg8 15. b4 dxc4
16. Bxc4 b5 17. Bd3 Nd5 18. Bf4 Nxf4 19. Qxf4 Nb6 20. Nd2 Nd5 21. Qg3 Bc6 22.
Ne4 Ne7 23. Nc5 Bd5 24. Be4 Nf5 25. Qc3 Bf8 26. Bxd5 Qxd5 27. Nf4 Qxd4 28. Qxd4
Nxd4 29. Rad1 Nc6 30. Nd7 Be7 31. Nd3 Bd8 32. N3c5 Kg7 33. f4 a5 34. Rc1 axb4
35. Nb7 Nd4 36. Rcd1 Nc2 37. Rb1 bxa3 38. Rxb5 a2 39. Rb2 a1=Q 40. Rxc2 Qd4+ 0-1

[Event "AUTO-ADV-1134"]
[Site "http://www.queenalice.com/game.php?id=606194"]
[Date "2009.6.19"]
[Round "3"]
[White "gordonpdx"]
[Black "salso"]
[Result "1-0"]
[WhiteElo "2040"]
[BlackElo "1891"]

1. b3 Nf6 2. Bb2 e6 3. e3 d5 4. c4 a6 5. Nf3 dxc4 6. Bxc4 b5 7. Bd3 Bb7 8. Be2
Bd6 9. d4 Nbd7 10. Nbd2 O-O 11. O-O c5 12. Qc2 cxd4 13. Nxd4 Rc8 14. Qd1 Ne5 15.
N2f3 Nxf3+ 16. Bxf3 Bxf3 17. Qxf3 Bb8 18. Nc6 Qc7 19. Nxb8 Qxb8 20. Bxf6 gxf6
21. Qxf6 Rfd8 22. Qb2 Qd6 23. g3 e5 24. Qe2 f5 25. Rfd1 Qe6 26. Rxd8+ Rxd8 27.
Rc1 Qd5 28. f3 Qd2 29. Qxd2 Rxd2 30. a4 bxa4 31. bxa4 Ra2 32. Rc5 f4 33. e4 fxg3
34. hxg3 Rxa4 35. Rxe5 Ra2 36. Kf1 a5 37. Ke1 a4 38. Ra5 a3 39. Kd1 Ra1+ 40. Kc2
a2 41. Kb2 Rf1 42. f4 Rg1 43. Ra3 a1=Q+ 44. Rxa1 Rxg3 45. Rf1 Kf7 46. Kc2 h5 47.
Kd2 Kg6 48. Ke2 h4 49. Rf3 Rg2+ 50. Rf2 Rg4 51. Ke3 Rg3+ 52. Rf3 Rg1 53. f5+ Kf6
54. Kf4 Re1 55. Re3 Rf1+ 56. Kg4 Ke5 57. Kxh4 Kf4 58. Rg3 Kxe4 59. Rg5 1-0

[Event "AUTO-ADV-1134"]
[Site "http://www.queenalice.com/game.php?id=606195"]
[Date "2009.6.19"]
[Round "3"]
[White "salso"]
[Black "gordonpdx"]
[Result "0-1"]
[WhiteElo "1971"]
[BlackElo "2048"]

1. d4 Nf6 2. Nd2 d5 3. e3 b6 4. c4 c6 5. Ngf3 e6 6. cxd5 cxd5 7. a3 Bd6 8. Bd3
h6 9. b4 O-O 10. Bb2 Nbd7 11. Ne5 Bxe5 12. dxe5 Nh7 13. Qg4 Qe7 14. O-O a5 15.
Bc3 Ba6 16. Bxa6 Rxa6 17. e4 Rc8 18. Rac1 Qg5 19. Qxg5 Nxg5 20. f3 axb4 21. axb4
Ra3 22. Nb1 Rb3 23. exd5 b5 24. h4 Nh7 25. Bd4 Rxc1 26. Rxc1 Rxb4 27. dxe6 Rxd4
28. exd7 Rxd7 29. Rc8+ Nf8 30. Rb8 Rd1+ 31. Kf2 Rxb1 32. Ke3 b4 33. g4 g5 34.
hxg5 hxg5 35. Ke4 Kg7 36. Kf5 Ne6 37. Rb6 b3 38. Rb7 b2 39. Rb6 Rf1 40. Rxb2
Rxf3+ 41. Ke4 Rf4+ 42. Ke3 Rxg4 43. Rb7 Rf4 44. Rb5 g4 45. Rb1 Kg6 46. Rb7 Kg5
0-1

[Event "AUTO-ADV-1225"]
[Site "http://www.queenalice.com/game.php?id=626809"]
[Date "2009.7.29"]
[Round "2"]
[White "Herivelto"]
[Black "gordonpdx"]
[Result "0-1"]
[WhiteElo "1792"]
[BlackElo "2001"]

1. Nf3 d5 2. c4 d4 3. b4 e6 4. Bb2 c5 5. bxc5 Bxc5 6. Ne5 Qd6 7. Nd3 Nc6 8. Nxc5
Qxc5 9. e3 e5 10. exd4 Nxd4 11. Nc3 Nf6 12. Bd3 O-O 13. O-O Bf5 14. Bxf5 Nxf5
15. d3 Rfd8 16. Qf3 Nd6 17. Rfe1 Qb4 18. Rab1 Qa5 19. Qg3 Re8 20. Bc1 Qxc3 21.
Bh6 g6 22. Re3 Nf5 23. Qf3 Nxe3 24. fxe3 e4 25. dxe4 Nxe4 0-1

[Event "AUTO-ADV-1225"]
[Site "http://www.queenalice.com/game.php?id=626810"]
[Date "2009.7.29"]
[Round "2"]
[White "gordonpdx"]
[Black "Herivelto"]
[Result "1-0"]
[WhiteElo "2009"]
[BlackElo "1784"]

1. b3 c5 2. Bb2 d5 3. d4 cxd4 4. Bxd4 Nc6 5. Bb2 e6 6. e3 Nf6 7. Nf3 g6 8. Nbd2
Bg7 9. Bd3 O-O 10. O-O Re8 11. a3 a6 12. c4 dxc4 13. Bxc4 b5 14. Be2 Bb7 15. Bc3
Ne7 16. Rc1 Ne4 17. Nd4 Nxc3 18. Rxc3 Nc8 19. Rd3 Qd5 20. N4f3 Qc6 21. b4 Ne7
22. Nb3 Rac8 23. Nc5 Nd5 24. e4 Nf4 25. Rd6 1-0

[Event "AUTO-ADV-1225"]
[Site "http://www.queenalice.com/game.php?id=626813"]
[Date "2009.7.29"]
[Round "2"]
[White "anandya"]
[Black "gordonpdx"]
[Result "1-0"]
[WhiteElo "1836"]
[BlackElo "2025"]

1. e4 e5 2. Bc4 Nf6 3. d3 Nc6 4. Nf3 Be7 5. Nc3 O-O 6. h3 d6 7. O-O a6 8. a4 Nb4
9. Na2 d5 10. exd5 Nbxd5 11. Nxe5 Be6 12. Qf3 c6 13. Bg5 h6 14. Bxf6 Bxf6 15.
Qg3 Qd6 16. d4 b5 17. Bxd5 Bxd5 18. Nc3 c5 19. Nxd5 Qxd5 20. Ng4 Qxd4 21. Nxf6+
Qxf6 22. c3 b4 23. Rad1 b3 24. Rd6 Qe7 25. Rxh6 Rfd8 26. Rh4 Rd2 27. Rg4 f6 28.
Rb1 Rad8 29. Qf3 R2d3 30. Qf4 Qe6 31. Qc4 Rd1+ 32. Rxd1 Rxd1+ 33. Kh2 Qxc4 34.
Rxc4 Rd5 35. f3 Kf7 36. Kg3 Rd2 37. Rxc5 Rxb2 38. Rc7+ Kg6 39. Rb7 Rb1 40. c4
Rc1 41. c5 b2 42. Rxb2 Rxc5 43. Rb4 Kf5 44. h4 Ke5 45. Kg4 a5 46. Rf4 g6 47. g3
Kd5 48. Rxf6 Rc4+ 49. Rf4 Rxf4+ 50. gxf4 Kc4 51. Kg5 Kb4 52. Kxg6 Kxa4 53. f5
Kb3 54. f6 a4 55. f7 a3 56. f8=Q a2 57. Qf6 1-0

[Event "AUTO-ADV-1225"]
[Site "http://www.queenalice.com/game.php?id=626814"]
[Date "2009.7.29"]
[Round "2"]
[White "gordonpdx"]
[Black "anandya"]
[Result "1/2-1/2"]
[WhiteElo "2043"]
[BlackElo "1840"]

1. b3 d5 2. Bb2 Nf6 3. e3 Nc6 4. Nf3 e6 5. c4 h6 6. d4 b6 7. Bd3 Nb4 8. O-O Nxd3
9. Qxd3 Bd6 10. Nbd2 c6 11. e4 Bb4 12. e5 Nh5 13. cxd5 Qxd5 14. Nc4 Nf4 15. Qe3
Ng6 16. a3 Be7 17. h4 Bxh4 18. Nd6+ Kd7 19. Nxf7 Rf8 20. Nd6 Be7 21. Ne4 Nh4 22.
Nxh4 Bxh4 23. g3 Be7 24. f4 Bb7 25. Rad1 Kc7 26. Rfe1 Rad8 27. b4 Kb8 28. Kf2 g5
29. Qf3 gxf4 30. gxf4 Bg5 31. Nxg5 hxg5 32. Qxd5 cxd5 33. Bc1 gxf4 34. Kf3 Rd7
35. Rg1 Rh7 36. Bxf4 Rh3+ 37. Rg3 Rxg3+ 38. Kxg3 Rg8+ 39. Kf3 b5 40. Rh1 Bc8 41.
Rh7 a6 42. Be3 Rf8+ 43. Ke2 Rd8 44. Kd2 Rd7 1/2-1/2

[Event "AUTO-ADV-1225"]
[Site "http://www.queenalice.com/game.php?id=626817"]
[Date "2009.7.29"]
[Round "2"]
[White "gordonpdx"]
[Black "jotat"]
[Result "0-1"]
[WhiteElo "2068"]
[BlackElo "2295"]

1. b3 d5 2. Bb2 Nf6 3. e3 e6 4. Nf3 Bd6 5. c4 O-O 6. d4 c5 7. Bd3 cxd4 8. Nxd4
e5 9. Nb5 Bb4+ 10. Bc3 Bxc3+ 11. N5xc3 d4 12. exd4 exd4 13. Ne2 Nc6 14. Qd2 Re8
15. O-O Ne4 16. Qb2 Nc5 17. Qd2 Nxd3 18. Qxd3 Nb4 19. Qd2 d3 20. Qxb4 dxe2 21.
Rc1 Qd1+ 22. Qe1 Qxc1 0-1

[Event "AUTO-ADV-1225"]
[Site "http://www.queenalice.com/game.php?id=626818"]
[Date "2009.7.29"]
[Round "2"]
[White "jotat"]
[Black "gordonpdx"]
[Result "1-0"]
[WhiteElo "2287"]
[BlackElo "2076"]

1. e4 e5 2. Nf3 Nc6 3. Bb5 Nf6 4. Nc3 Bc5 5. O-O O-O 6. d3 a6 7. Bxc6 bxc6 8.
Nxe5 Bd4 9. Nf3 Bxc3 10. bxc3 d6 11. Rb1 Be6 12. c4 d5 13. e5 Nd7 14. Nd4 Nxe5
15. Nxe6 fxe6 16. Qe1 Rf5 17. Bb2 d4 18. f4 Nf7 19. Qxe6 Rf6 20. Qe4 Rd6 21. Ba3
c5 22. Bxc5 1-0

[Event "Challenge"]
[Site "http://www.queenalice.com/game.php?id=659203"]
[Date "2009.9.28"]
[Round "-"]
[White "miguelnalexandre"]
[Black "gordonpdx"]
[Result "0-1"]
[WhiteElo "1368"]
[BlackElo "2035"]

1. e4 e5 2. Nf3 Nc6 3. Nc3 g6 4. d4 exd4 5. Nd5 Bc5 6. Bd2 d6 7. Bb5 Bd7 8. O-O
h6 9. h3 Nf6 10. Nxf6+ Qxf6 0-1

[Event "Let's Play Chess!"]
[Site "http://www.queenalice.com/game.php?id=669749"]
[Date "2009.10.20"]
[Round "-"]
[White "gordonpdx"]
[Black "elshafei"]
[Result "1-0"]
[WhiteElo "2050"]
[BlackElo "1977"]

1. e4 e5 2. Nf3 d6 3. d4 exd4 4. Nxd4 Be6 5. c4 c5 6. Nf3 Nc6 7. Nc3 Nf6 8. Bd3
a6 9. O-O Be7 10. a3 Bg4 11. Qe2 Nd4 12. Qe3 Bxf3 13. gxf3 O-O 14. Ne2 Nb3 15.
Rb1 Nxc1 16. Qxc1 Nd7 17. f4 Nb8 18. Qc2 Nc6 19. Kg2 h6 20. Rg1 Bf6 21. Kf1 Re8
22. f3 Nd4 23. Nxd4 Bxd4 24. Rg2 Qh4 25. Rg4 Qh3+ 26. Qg2 Qxg2+ 27. Rxg2 Rab8
28. b4 b5 29. cxb5 axb5 30. bxc5 Bxc5 31. Ra2 b4 32. a4 Bd4 33. Bc4 Bc5 34. Ke2
Kf8 35. Bd5 Rb6 36. a5 Ra6 37. Bb7 Ra7 38. a6 Re7 39. Kd3 Ke8 40. Ra5 Kd8 41.
Rb5 f6 42. Kc4 g6 43. Re1 Rc7 44. Kd5 Ke7 45. e5 fxe5 46. fxe5 Kd7 47. exd6 Bxd6
48. Re6 Be7 49. Rxg6 Rc3 50. Rgb6 Bd8 51. Bc6+ Kc7 52. Rb7+ Rxb7 53. Rxb7+ Kc8
54. Bd7# 1-0

[Event "AUTO-ADV-1341"]
[Site "http://www.queenalice.com/game.php?id=687209"]
[Date "2009.11.22"]
[Round "2"]
[White "ravague"]
[Black "gordonpdx"]
[Result "0-1"]
[WhiteElo "1958"]
[BlackElo "2091"]

1. e4 e5 2. f4 Bc5 3. Nf3 d6 4. Bc4 Qf6 5. b4 Bxb4 6. c3 Ba5 7. O-O Be6 8. Qb3
Bb6+ 9. Kh1 Bxc4 10. Qxc4 Nh6 11. fxe5 dxe5 12. d4 exd4 13. e5 Qc6 14. Qxc6+
Nxc6 15. Ba3 O-O-O 16. cxd4 Nxd4 17. Nbd2 Nc2 0-1

[Event "AUTO-MASTER-986"]
[Site "http://www.queenalice.com/game.php?id=699358"]
[Date "2009.12.17"]
[Round "1"]
[White "mister_pawn"]
[Black "gordonpdx"]
[Result "1-0"]
[WhiteElo "2066"]
[BlackElo "2108"]

1. e4 e5 2. Nf3 Nc6 3. Bb5 Bc5 4. c3 Qe7 5. O-O Nf6 6. Qe2 O-O 7. d4 exd4 8. e5
Nd5 9. Bxc6 dxc6 10. cxd4 Bb6 11. h3 f6 12. Nc3 Be6 13. Na4 Ba5 14. Nc5 b6 15.
Nb3 Nc3 16. bxc3 Bxb3 17. axb3 Bxc3 18. Qc4+ 1-0

[Event "AUTO-MASTER-986"]
[Site "http://www.queenalice.com/game.php?id=699359"]
[Date "2009.12.17"]
[Round "1"]
[White "gordonpdx"]
[Black "mister_pawn"]
[Result "0-1"]
[WhiteElo "2102"]
[BlackElo "2154"]

1. b3 e5 2. Bb2 d6 3. e3 g6 4. g3 Bg7 5. Bg2 Ne7 6. Ne2 Nbc6 7. O-O h5 8. d4 h4
9. Nd2 hxg3 10. fxg3 Nf5 11. Bxc6+ bxc6 12. Rf3 Qg5 13. Nf1 e4 14. Rf4 Qe7 15.
Rf2 Nh6 16. Nf4 Ng4 17. Re2 g5 18. Ng2 f5 19. Ne1 Bd7 20. c4 Qf7 21. Nc2 c5 22.
Qd2 Qg6 23. Qa5 f4 24. exf4 gxf4 25. Rxe4+ Qxe4 26. Re1 Ne3 27. Ncxe3 O-O 28.
Nd5 Bxd4+ 29. Bxd4 Qxd4+ 30. Kh1 Bg4 31. Nd2 fxg3 32. Qc3 g2+ 33. Kxg2 Qf2+ 0-1

[Event "AUTO-MASTER-986"]
[Site "http://www.queenalice.com/game.php?id=699376"]
[Date "2009.12.17"]
[Round "1"]
[White "gordonpdx"]
[Black "animis"]
[Result "1-0"]
[WhiteElo "2089"]
[BlackElo "2030"]

1. b3 d5 2. Bb2 c5 3. e3 Nc6 4. Nf3 Qc7 5. Bb5 Bd7 6. O-O e6 7. d4 Nf6 8. Nbd2
Bd6 9. dxc5 Be7 10. a3 Bxc5 11. b4 Bb6 12. Bxf6 gxf6 13. Bd3 e5 14. c4 dxc4 15.
Bxc4 Be6 16. Bxe6 fxe6 17. Ne4 Ke7 18. Qb3 Rhg8 19. Rac1 Qd8 20. Rfd1 Qf8 21.
Rd6 Nd8 22. Rcd1 Kf7 23. Qc2 Kg7 24. Rd7+ Nf7 25. Nd6 1-0

[Event "AUTO-MASTER-986"]
[Site "http://www.queenalice.com/game.php?id=699377"]
[Date "2009.12.17"]
[Round "1"]
[White "animis"]
[Black "gordonpdx"]
[Result "1-0"]
[WhiteElo "2010"]
[BlackElo "2108"]

1. e4 e5 2. Nf3 Nc6 3. Bc4 Bc5 4. c3 Nf6 5. d4 exd4 6. e5 Qe7 7. cxd4 Bb4+ 8.
Bd2 Bxd2+ 9. Nbxd2 O-O 10. O-O Ne8 11. Re1 Na5 12. Bb5 c6 13. Ba4 Nc7 14. Bc2
Ne6 15. Ne4 d5 16. exd6 Qd7 17. Ne5 Qd8 18. b4 Nf4 19. bxa5 Qxa5 20. d7 1-0

[Event "AUTO-MASTER-986"]
[Site "http://www.queenalice.com/game.php?id=699379"]
[Date "2009.12.17"]
[Round "1"]
[White "wiking"]
[Black "gordonpdx"]
[Result "1-0"]
[WhiteElo "2152"]
[BlackElo "2102"]

1. b4 Nf6 2. Bb2 e6 3. b5 d5 4. e3 c5 5. Nf3 Bd6 6. c4 Nbd7 7. d3 O-O 8. Nbd2 b6
9. Be2 Bb7 10. O-O Qc7 11. a4 Rfe8 12. h3 e5 13. cxd5 Bxd5 14. e4 Bb7 15. Nc4 a6
16. Qb3 Re7 17. Bc3 Bc8 18. a5 h6 19. Nh4 g6 20. Nxg6 fxg6 21. axb6 Nxb6 22.
Nxb6+ Be6 23. Nxa8 Qb7 24. Qb2 Qxa8 25. Rxa6 Qb8 26. Rxd6 Qxd6 27. Bxe5 1-0